Pass Finals : (Record no. 907)

MARC details
000 -LEADER
fixed length control field 01050cam a22003498a 4500
001 - CONTROL NUMBER
control field 14716409
003 - CONTROL NUMBER IDENTIFIER
control field OSt
005 - DATE AND TIME OF LATEST TRANSACTION
control field 20161116180515.0
008 - FIXED-LENGTH DATA ELEMENTS--GENERAL INFORMATION
fixed length control field 070126s2008 stk b 001 0 eng
010 ## - LIBRARY OF CONGRESS CONTROL NUMBER
LC control number 2007003628
020 ## - INTERNATIONAL STANDARD BOOK NUMBER
International Standard Book Number 9780702028779
020 ## - INTERNATIONAL STANDARD BOOK NUMBER
International Standard Book Number 0702028770
035 ## - SYSTEM CONTROL NUMBER
System control number (DNLM)101298245
040 ## - CATALOGING SOURCE
Original cataloging agency DNLM/DLC
Transcribing agency DLC
Modifying agency DLC
042 ## - AUTHENTICATION CODE
Authentication code pcc
050 00 - LIBRARY OF CONGRESS CALL NUMBER
Classification number RC58
Item number .S595 2008
060 10 - NATIONAL LIBRARY OF MEDICINE CALL NUMBER
Classification number WB 18.2
Item number S648p 2008
082 00 - DEWEY DECIMAL CLASSIFICATION NUMBER
Classification number WB 100 S51p 2008
Edition number 22
100 1# - MAIN ENTRY--PERSONAL NAME
Personal name Smith, Geoff
9 (RLIN) 2437
245 10 - TITLE STATEMENT
Title Pass Finals :
Remainder of title a companion to Kumar and Clark
250 ## - EDITION STATEMENT
Edition statement 2nd ed.
260 ## - PUBLICATION, DISTRIBUTION, ETC. (IMPRINT)
Place of publication, distribution, etc. New York;
Name of publisher, distributor, etc. Saunders,
Date of publication, distribution, etc. 2008.
263 ## - PROJECTED PUBLICATION DATE
Projected publication date 0710
300 ## - PHYSICAL DESCRIPTION
Extent ix, 604p. ;
Dimensions 26cm.
Other physical details col.ill
504 ## - BIBLIOGRAPHY, ETC. NOTE
Bibliography, etc Includes bibliographical references and index.
650 #0 - SUBJECT ADDED ENTRY--TOPICAL TERM
Topical term or geographic name as entry element Internal medicine
9 (RLIN) 2438
650 12 - SUBJECT ADDED ENTRY--TOPICAL TERM
Topical term or geographic name as entry element Medicine MCQS
9 (RLIN) 2439
730 0# - ADDED ENTRY--UNIFORM TITLE
Uniform title Kumar & Clark clinical medicine.
9 (RLIN) 2442
856 41 - ELECTRONIC LOCATION AND ACCESS
Materials specified Table of contents only
Uniform Resource Identifier http://www.loc.gov/catdir/toc/ecip079/2007003628.html
906 ## - LOCAL DATA ELEMENT F, LDF (RLIN)
a 7
b rix
c orignew
d 1
e ecip
f 20
g y-gencatlg
942 ## - ADDED ENTRY ELEMENTS (KOHA)
Source of classification or shelving scheme Other/Generic Classification Scheme
Koha item type Short Loan
Holdings
Withdrawn status Lost status Source of classification or shelving scheme Damaged status Not for loan Home library Current library Date acquired Source of acquisition Inventory number Total Checkouts Full call number Barcode Date last seen Koha item type
    Other/Generic Classification Scheme     MUST Main Library MUST Main Library 14/01/2015   10/32462   WB 100 S51p 2008 2015-0120 14/01/2015 Short Loan